Manual of outpatient gynecology

Uloženo v:
Podrobná bibliografie
Hlavní autor: Havens, Carol S..,ed
Další autoři: Sullivan, Nancy D.
Médium: Kniha
Jazyk:angličtina
Vydáno: Philadelphia Lippincott Williams & Wilkins c2002
Vydání:4th ed.
Témata:
Tagy: Přidat tag
Žádné tagy, Buďte první, kdo vytvoří štítek k tomuto záznamu!

MARC

LEADER 00000nam a22000005a 4500
003 CL-ChBUA
005 20120815091638.0
008 090904s2002 xxu||||| |||| 000 ||eng
020 |a 0781732786 
040 |a CL-ChBUA  |c CL-ChBUA 
082 0 0 |a 618.1 
090 |c 26758  |d 26758 
100 1 |a Havens, Carol S..,ed. 
245 1 0 |a Manual of outpatient gynecology 
250 |a 4th ed. 
260 |a Philadelphia  |b Lippincott Williams & Wilkins  |c c2002 
300 |a xvii, 360 p.  |c 23 cm. 
504 |a il., bibl., índice 
650 4 |a GINECOLOGIA 
700 1 |a Sullivan, Nancy D. 
942 |c LIB 
952 |0 0  |1 0  |4 0  |7 0  |9 62825  |a UNACH  |b UNACH  |c 600  |d 2009-09-04  |i 45.494  |l 0  |o 618.1 / M 294  |p 63960  |r 2024-09-24 00:00:00  |u 62825  |w 2012-08-08  |y LIB  |k 618.1 / M 294 
999 |c 26758  |d 26758